| 000 -LEADER |
| fixed length control field |
00290nam a2200121Ia 4500 |
| 008 - FIXED-LENGTH DATA ELEMENTS--GENERAL INFORMATION |
| fixed length control field |
190723s9999 xx 000 0 und d |
| 100 ## - MAIN ENTRY--PERSONAL NAME |
| Personal name |
Donald R.Cooper |
| 245 #0 - TITLE STATEMENT |
| Title |
Business Research Methods |
| 250 ## - EDITION STATEMENT |
| Edition statement |
9th |
| 260 ## - PUBLICATION, DISTRIBUTION, ETC. (IMPRINT) |
| Place of publication, distribution, etc |
New York |
| Name of publisher, distributor, etc |
McGraw Hill |
| Date of publication, distribution, etc |
2006 |
| 300 ## - PHYSICAL DESCRIPTION |
| Extent |
744.:P |
| 942 ## - ADDED ENTRY ELEMENTS (KOHA) |
| Koha item type |
Books |